[Event "Mistrzostwa Polski Seniorow oraz Osob Ni"]
[Site "WZW "]
[Date "2013.10.06"]
[Round "9.1"]
[White "Kawula, Andrzej"]
[Black "Solek, Zenon"]
[Result "1-0"]
[WhiteElo "1990"]
[BlackElo "1820"]
[PlyCount "91"]
[EventDate "2013.??.??"]

1. c4 Nf6 2. Nc3 c6 3. d4 d5 4. e3 g6 5. Nf3 Bg7 6. b3 O-O 7. Bd3 dxc4 8. bxc4
Na6 9. Rb1 c5 10. d5 Nb4 11. O-O e6 12. e4 Ng4 13. Bb2 Qa5 14. h3 Ne5 15. Nxe5
Bxe5 16. Be2 Bd7 17. a3 Na6 18. dxe6 Bxe6 19. Nd5 Bxb2 20. Rxb2 Rab8 21. Qb3
Kg7 22. Qg3 Bxd5 23. cxd5 Qc7 24. Qc3+ f6 25. Rfb1 c4 26. Qxc4 Qxc4 27. Bxc4
Nc5 28. f3 b6 29. Bb5 Rbd8 30. Bc6 Rf7 31. a4 Nd3 32. Rd2 Ne5 33. Bb5 Rc7 34.
f4 Nf7 35. Re1 Re7 36. Kf2 h6 37. Re3 g5 38. g3 h5 39. h4 g4 40. Rc2 Kg8 41.
Rc6 Kg7 42. Ke2 Rde8 43. Kd3 Rd8 44. Kd4 Nd6 45. Re2 Nf5+ 46. exf5 1-0

[Event "Mistrzostwa Polski Seniorow oraz Osob Ni"]
[Site "WZW "]
[Date "2013.10.06"]
[Round "9.2"]
[White "Gasik, Piotr"]
[Black "Lada, Ireneusz"]
[Result "1-0"]
[WhiteElo "2143"]
[BlackElo "1933"]
[PlyCount "36"]
[EventDate "2013.??.??"]

1. f4 d5 2. Nf3 g6 3. g3 Bg7 4. Bg2 Nf6 5. O-O O-O 6. d3 c6 7. c3 Nbd7 8. Kh1
Re8 9. Ne5 Qc7 10. d4 Nf8 11. Nd2 Bf5 12. Ndf3 N6d7 13. Bd2 Nf6 14. Be3 Be4 15.
Bf2 Bxf3 16. Bxf3 e6 17. e4 dxe4 18. Bxe4 Nxe4 1-0

[Event "Mistrzostwa Polski Seniorow oraz Osob Ni"]
[Site "WZW "]
[Date "2013.10.06"]
[Round "9.3"]
[White "Wojcieszyn, Zdzislaw"]
[Black "Santura, Janusz"]
[Result "1-0"]
[WhiteElo "2005"]
[BlackElo "1807"]
[PlyCount "56"]
[EventDate "2013.??.??"]

1. Nf3 Nf6 2. c4 c6 3. Nc3 d5 4. d4 e6 5. e3 Nbd7 6. Bd3 Bd6 7. O-O O-O 8. e4
Nxe4 9. Bxe4 Nf6 10. Bc2 g6 11. Bg5 Kg7 12. Qd2 Re8 13. Rfe1 Qc7 14. Bxf6+ Kxf6
15. Qh6 Bf4 16. Qh4+ Kg7 17. Ne5 Bxe5 18. dxe5 dxc4 19. Qf4 Qe7 20. Rad1 b6 21.
Rd6 c5 22. Red1 g5 23. Qd2 Rb8 24. Ba4 Rg8 25. Rd8 Ba6 26. Rd7 Qe8 27. Qxg5+
Kh8 28. Qf6+ Rg7 1-0

[Event "Mistrzostwa Polski Seniorow oraz Osob Ni"]
[Site "WZW "]
[Date "2013.10.06"]
[Round "9.4"]
[White "Rusin, Ryszard"]
[Black "Kosny, Marek"]
[Result "1/2-1/2"]
[WhiteElo "1898"]
[BlackElo "1961"]
[PlyCount "48"]
[EventDate "2013.??.??"]

1. d4 Nf6 2. c4 e6 3. Nc3 d5 4. Bg5 Be7 5. Nf3 Nbd7 6. e3 O-O 7. Bd3 a6 8. a3
dxc4 9. Bxc4 b5 10. Bb3 Bb7 11. O-O Rc8 12. Rc1 c5 13. Qe2 Qb6 14. Rfd1 Rfe8
15. Ba2 b4 16. dxc5 Nxc5 17. axb4 Qxb4 18. Ne5 Nce4 19. Bxf6 Bxf6 20. Nd3 Qa5
21. Nxe4 Bxe4 22. Bb1 Qa1 23. f3 Rxc1 24. Rxc1 Bg6 1/2-1/2

[Event "Mistrzostwa Polski Seniorow oraz Osob Ni"]
[Site "WZW "]
[Date "2013.10.06"]
[Round "9.5"]
[White "Niecko, Stanislaw"]
[Black "Hucz, Alfred"]
[Result "0-1"]
[WhiteElo "1817"]
[BlackElo "2031"]
[PlyCount "66"]
[EventDate "2013.??.??"]

1. c4 Nf6 2. Nc3 g6 3. g3 Bg7 4. Bg2 c6 5. e4 d6 6. d4 Qc7 7. Nf3 e5 8. O-O O-O
9. h3 Re8 10. Be3 Nbd7 11. Qc2 b6 12. Rfd1 Bb7 13. Rac1 Rad8 14. a3 a6 15. Qb3
exd4 16. Bxd4 c5 17. Bxf6 Bxf6 18. Nd5 Bxd5 19. exd5 Re2 20. Rd2 Rde8 21. Rxe2
Rxe2 22. Rc2 Rxc2 23. Qxc2 Qd8 24. Qe2 Qe7 25. Qxe7 Bxe7 26. Nd2 f5 27. f4 Bf6
28. b3 Bc3 29. Nf3 h6 30. Kf2 Kf7 31. Ke3 Nf6 32. Kd3 Bb2 33. a4 Nh5 0-1

[Event "Mistrzostwa Polski Seniorow oraz Osob Ni"]
[Site "WZW "]
[Date "2013.10.06"]
[Round "9.6"]
[White "Kondrusik, Aleksander"]
[Black "Muc, Zbigniew"]
[Result "1-0"]
[WhiteElo "1530"]
[BlackElo "1743"]
[PlyCount "31"]
[EventDate "2013.??.??"]

1. e4 c5 2. d4 d5 3. Nc3 dxe4 4. Nxe4 Nf6 5. Nxf6+ gxf6 6. c3 Rg8 7. Qd3 f5 8.
g3 Qd5 9. Qf3 Qe6+ 10. Qe2 Qg6 11. f4 Na6 12. Nf3 Nc7 13. Bd2 Be6 14. Bg2 O-O-O
15. a4 Bd5 16. Ne5 1-0

[Event "Mistrzostwa Polski Seniorow oraz Osob Ni"]
[Site "WZW "]
[Date "2013.10.06"]
[Round "9.7"]
[White "Rychlik, Bogdan"]
[Black "Nowak, Adam"]
[Result "1-0"]
[WhiteElo "1780"]
[BlackElo "1399"]
[PlyCount "49"]
[EventDate "2013.??.??"]

1. e4 d6 2. d4 Nf6 3. Nc3 g6 4. Nf3 Bg7 5. Be2 O-O 6. O-O Bg4 7. h3 Bxf3 8.
Bxf3 Nc6 9. Be3 e5 10. d5 Nb8 11. Qd2 Re8 12. Rad1 Nbd7 13. Rfe1 a5 14. a4 Nc5
15. Bg5 Qd7 16. b3 Kh8 17. Kh1 Rf8 18. Bh6 b6 19. Qg5 Bxh6 20. Qxh6 Ng8 21. Qd2
f5 22. g3 Qf7 23. Re2 f4 24. gxf4 Qxf4 25. Bg2 1-0

[Event "Mistrzostwa Polski Seniorow oraz Osob Ni"]
[Site "WZW "]
[Date "2013.10.06"]
[Round "9.8"]
[White "Feliksinski, Tadeusz"]
[Black "Majewski, Stanislaw"]
[Result "1-0"]
[WhiteElo "1713"]
[BlackElo "1842"]
[PlyCount "117"]
[EventDate "2013.??.??"]

1. e4 c5 2. Nf3 g6 3. d4 Bg7 4. d5 d6 5. c4 Nd7 6. Be2 Ngf6 7. Qc2 O-O 8. O-O
Re8 9. Bd2 Qb6 10. Bc3 Qc7 11. Nbd2 a6 12. Nh4 e5 13. f4 exf4 14. Rf2 Ne5 15.
Raf1 g5 16. Nhf3 h6 17. Nxe5 dxe5 18. h3 Qd6 19. b3 Bd7 20. Qb2 b5 21. Qc2 b4
22. Bb2 g4 23. hxg4 Bxg4 24. Nf3 Bxf3 25. Bxf3 Kh8 26. Qe2 Rg8 27. Rd1 Ra7 28.
Rff1 Bf8 29. Kf2 Rg3 30. Rh1 Bg7 31. Rh2 Ng8 32. Rdh1 Qg6 33. Ke1 Qd6 34. Bc1
a5 35. Kf2 a4 36. Rh3 axb3 37. axb3 Qg6 38. Qb2 f6 39. Bd2 Qe8 40. Rxg3 fxg3+
41. Kxg3 Qa8 42. Be3 Ra5 43. Bg4 Qe8 44. Bh5 Qe7 45. Bg6 Qf8 46. Ra1 Qa8 47.
Rxa5 Qxa5 48. d6 Bf8 49. d7 Be7 50. Qd2 Qd8 51. Bxh6 f5 52. Bxf5 Nf6 53. Kf3
Qg8 54. g4 Nh7 55. Qh2 Bf6 56. g5 Qd8 57. g6 Qg8 58. Be3 Be7 59. Qxh7+ 1-0

[Event "Mistrzostwa Polski Seniorow oraz Osob Ni"]
[Site "WZW "]
[Date "2013.10.06"]
[Round "9.9"]
[White "Grabarczyk, Edmund"]
[Black "Duda, Henryk"]
[Result "1-0"]
[WhiteElo "1394"]
[BlackElo "1341"]
[PlyCount "59"]
[EventDate "2013.??.??"]

1. e4 c5 2. Nf3 d6 3. d4 cxd4 4. Nxd4 Nf6 5. Nc3 g6 6. Bd3 Bg7 7. O-O O-O 8.
Re1 Nh5 9. Be2 Nf6 10. Be3 e5 11. Ndb5 Ne8 12. Nxa7 Nc6 13. Nxc8 Rxc8 14. Nd5
Nd4 15. Bd3 Nf6 16. Bg5 h6 17. Nxf6+ Bxf6 18. Bxh6 Re8 19. Re3 g5 20. Rg3 Re6
21. Qh5 Nxc2 22. Bxc2 Rxc2 23. Bxg5 Bxg5 24. Rxg5+ Rg6 25. Rxg6+ fxg6 26. Qxg6+
Kf8 27. Qh6+ Kf7 28. Qh7+ Ke6 29. Qxb7 Qg5 30. Qb3+ 1-0